000 00474nam a2200169Ia 4500
003 GCL
008 140319s9999 xx 000 0 eng d
040 _aGCL /
_cGCL
082 0 4 _a004
_bP C
100 1 _aPROKER, CHARLES S.
245 1 0 _aCOMPUTERS AND THEIR APPLICATIONS /
_cPROKER, CHARLES S.
260 _a[S.N] :
_bHORCOURT BROCE JOANORCH COLLEGE ،
_c1993
650 0 4 _aشعر الحرب
650 0 4 _aPROGRAMMING
650 0 4 _aINFORMATION SYSTEMS
942 _2ddc
_cBK
999 _c16752
_d16752